| 000 | 00778cas a2200253 4500 | ||
|---|---|---|---|
| 999 |
_c216177 _d216177 |
||
| 003 | OSt | ||
| 005 | 20260120133455.0 | ||
| 008 | 120820n eng u | ||
| 020 | _a072168243X | ||
| 020 | _a9780721682433 | ||
| 035 | _a(Sirsi) a177187 | ||
| 040 |
_cUNZA _eRDA |
||
| 050 |
_aRT 84.5 _bCON 2000 |
||
| 245 |
_aConcept development in nursing: _b foundations, techniques and applications/ _c edited by Beth L.Rodgers, Kathleen A. Knafl. |
||
| 250 | _a2nd ed. | ||
| 260 |
_aPhiladelphia: _b WB Saunders Company, _c 2000. |
||
| 300 | _axiv,458p. | ||
| 500 | _aIncludes bibliographical references and index. | ||
| 650 | _aNursing - philososphy. | ||
| 650 | _aNursing. | ||
| 700 | _aRodgers, Beth .L. | ||
| 700 | _aKnaff, Kathleen.A. | ||
| 942 |
_2lcc _cBOOK |
||